| 000 | 00471nam a2200157Ia 4500 | ||
|---|---|---|---|
| 008 | 140609s9999 xx 000 0 und d | ||
| 020 | _a9789712711021 | ||
| 050 |
_aDS 663 _b.G36 2001 |
||
| 100 | _aGarceau, Scott R. | ||
| 245 |
_aKano-nization : _bmore secrets from the X-pat files / _cScott R. Garceau |
||
| 260 |
_aPasig City, Philippines : _bAnvil Publishing, _cc2001. |
||
| 300 |
_a183 p. : _bill. ; _c23 cm. |
||
| 521 | _aGE | ||
| 942 |
_kLOC _cBK |
||
| 999 |
_c117901 _d117901 |
||